书目信息 |
| 题名: |
典型群的几何学
|
|
| 作者: | J.狄多涅 著 ;方哲先 译 | |
| 分册: | ||
| 出版信息: | 北京 科学出版社 1960.07 |
|
| 页数: | 138页 | |
| 开本: | 20cm | |
| 丛书名: | ||
| 单 册: | ||
| 中图分类: | O187.2 | |
| 科图分类: | ||
| 主题词: | 几何 , 拓扑 | |
| 电子资源: | ||
| ISBN: | ||
| 000 | 00618nam0 2200217 450 | |
| 001 | 0633255078 | |
| 005 | 20060728091632.45 | |
| 010 | @dCNY0.66 | |
| 100 | @a20060728d1960 km y0chiy0120 ea | |
| 101 | 0 | @achi |
| 102 | @aCN@b110000 | |
| 200 | 1 | @a典型群的几何学@Adian xing qun de ji he xue@f(苏)J.狄多涅著@F(su)J.di duo nie zhu@g方哲先译@Gfang zhe xian yi |
| 210 | @a北京@c科学出版社@d1960.07 | |
| 215 | @a138页@d20cm | |
| 606 | 0 | @a几何 |
| 606 | 0 | @a拓扑 |
| 690 | @aO187.2@v3 | |
| 701 | 0 | @aJ.狄多涅@AJ.di duo nie@4著 |
| 702 | 0 | @a方哲先@Afang zhe xian@4译 |
| 801 | 0 | @aCN@bPFT@c20060728 |
| 905 | @a10447@dO187.2@e6 | |
| 典型群的几何学/(苏)J.狄多涅著/方哲先译.-北京:科学出版社,1960.07 |
| 138页;20cm |
| ISBN :CNY0.66 |
| ● |
| 相关链接 |
|
|
|
|
正题名:典型群的几何学
索取号:O187.2/6
 
预约/预借
| 序号 | 登录号 | 条形码 | 馆藏地/架位号 | 状态 | 备注 |
| 1 | 0442534 | 204425345 | 密集书库/ [索取号:O187.2/6] | 在馆 |